书目信息 |
| 题名: |
怎样用标点符号
|
|
| 作者: | 沈蘅仲 著 | |
| 分册: | ||
| 出版信息: | 上海 上海教育出版社 1978 |
|
| 页数: | 84页 | |
| 开本: | 19cm | |
| 丛书名: | ||
| 单 册: | ||
| 中图分类: | H155 | |
| 科图分类: | ||
| 主题词: | 汉语--写作 , 汉语--修辞 | |
| 电子资源: | ||
| ISBN: | ||
| 000 | 00589nam0 2200229 45 | |
| 001 | 0178004800 | |
| 005 | 20060726145249.82 | |
| 010 | @dCNY0.19 | |
| 091 | @a7150.1893 | |
| 100 | @a19950717d1978 demy0chiy0121 ea | |
| 101 | 0 | @achi |
| 102 | @aCN@b310000 | |
| 105 | @ay z 000yy | |
| 200 | 10 | @a怎样用标点符号@Azen yang yong biao dian fu hao@f沈蘅仲著 |
| 210 | @a上海@c上海教育出版社@d1978 | |
| 215 | @a84页@d19cm | |
| 606 | 0 | @a汉语@x写作 |
| 606 | 0 | @a汉语@x修辞 |
| 690 | @aH155 | |
| 701 | 0 | @a沈蘅仲@Ashen heng zhong@4著 |
| 801 | 0 | @aCN@bNLC@c20060726 |
| 905 | @f1@b940@dH155@e3-1 | |
| 怎样用标点符号/沈蘅仲著.-上海:上海教育出版社,1978 |
| 84页;19cm |
| ISBN :CNY0.19 |
| ● |
| 相关链接 |
|
|
|
|
正题名:怎样用标点符号
索取号:H155/3-1
 
预约/预借
| 序号 | 登录号 | 条形码 | 馆藏地/架位号 | 状态 | 备注 |
| 1 | 0000940 | 000855266 | 第二样本阅览室/ [索取号:H155/3-1] | 在馆 | |
| 2 | 0436443 | 204364437 | 密集书库/ [索取号:H155/3-1] | 在馆 |